[Event "Skopje op"]
[Site "Skopje"]
[Date "2022.10.22"]
[Round "3"]
[White "Padjen, Zdenko"]
[Black "Minovski, Blagoja"]
[Result "1-0"]
[WhiteElo "1934"]
[BlackElo "1228"]
[PlyCount "45"]
[EventDate "2022.10.21"]
[EventType "swiss"]
[EventRounds "9"]
[EventCountry "MKD"]
[SourceTitle "EXT 2024"]
[Source "ChessBase"]
[SourceDate "2023.10.10"]
[SourceVersion "1"]
[SourceVersionDate "2023.10.10"]
[SourceQuality "1"]

1. e4 e5 2. Nf3 Nc6 3. Bb5 d6 4. d4 exd4 5. Qxd4 Bd7 6. Bxc6 Bxc6 7. Nc3 Nf6 8. Bg5 Be7 9. 0-0-0 h6 10. Bh4 Qd7 11. Rhe1 0-0-0 12. Qxa7 b6 13. e5 g5 14. exf6 Bxf6 15. Bg3 h5 16. Be5 Qf5 17. Nd4 Qxf2 18. Bxf6 Qxf6 19. Nxc6 Rde8 20. Nd5 Qd8 21. Nxd8 Re7 22. Qa8+ Kd7 23. Rxe7# 1-0

[Event "Mediterranean op 7th"]
[Site "Rijeka"]
[Date "2014.11.08"]
[Round "1"]
[White "Padjen, Zdenko"]
[Black "Troselj, Ivan"]
[Result "1-0"]
[WhiteElo "2009"]
[BlackElo "1429"]
[PlyCount "57"]
[EventDate "2014.11.08"]
[EventType "swiss"]
[EventRounds "9"]
[EventCountry "CRO"]
[SourceTitle "CBM 163 Extra"]
[Source "ChessBase"]
[SourceDate "2014.12.23"]
[SourceVersion "1"]
[SourceVersionDate "2014.12.23"]
[SourceQuality "1"]

1. e4 c5 2. Nf3 d6 3. c3 Nf6 4. Be2 Nc6 5. d4 cxd4 6. cxd4 Nxe4 7. d5 Qa5+ 8. Nc3 Nxc3 9. bxc3 Ne5 10. Nxe5 dxe5 11. Qb3 a6 12. Bd2 b5 13. c4 bxc4 14. Bxc4 Qc7 15. Rc1 Qd6 16. Bb4 Qd7 17. Qc3 Qb7 18. 0-0 f6 19. Rfd1 g6 20. d6 exd6 21. Bd5 Qb6 22. Bxa8 Bd7 23. Bc6 Qc7 24. Bxd7+ Qxd7 25. Qc8+ Qxc8 26. Rxc8+ Kd7 27. Ra8 Ke6 28. Bxd6 Bxd6 29. Rxh8 1-0

[Event "Skopje Karposh op"]
[Site "Skopje"]
[Date "2014.04.04"]
[Round "8"]
[White "Zupe, Miran"]
[Black "Padjen, Zdenko"]
[Result "1-0"]
[WhiteElo "2278"]
[BlackElo "2004"]
[PlyCount "95"]
[EventDate "2014.03.29"]
[EventType "swiss"]
[EventRounds "9"]
[EventCountry "MKD"]
[SourceTitle "CBM 159 Extra"]
[Source "ChessBase"]
[SourceDate "2014.04.24"]
[SourceVersion "1"]
[SourceVersionDate "2014.04.24"]
[SourceQuality "1"]

1. e4 c5 2. Nf3 g6 3. d4 cxd4 4. Nxd4 Bg7 5. c4 Nc6 6. Be3 Nf6 7. Nc3 d6 8. Be2 0-0 9. Rc1 Bd7 10. Qd2 a6 11. 0-0 Ng4 12. Bxg4 Bxg4 13. f3 Bd7 14. Rfd1 Rc8 15. Nde2 Be6 16. b3 Qa5 17. Na4 Qxd2 18. Rxd2 Ne5 19. Nb6 Rc7 20. Rcd1 Nc6 21. Kf2 f5 22. Nf4 Bf7 23. Nfd5 Bxd5 24. Nxd5 Rcc8 25. exf5 gxf5 26. g3 Kf7 27. Bb6 Ne5 28. Re2 Rc6 29. Bd4 e6 30. Nb4 Rc7 31. Bb6 Rd7 32. h3 Nc6 33. Nc2 e5 34. Red2 Ke6 35. f4 e4 36. Ke3 h5 37. g4 hxg4 38. hxg4 fxg4 39. Kxe4 Bh6 40. Be3 Rf6 41. Rg2 Kf7 42. Rxg4 Re7+ 43. Kd3 Rfe6 44. Rh1 Nb4+ 45. Kc3 Nxc2 46. Kxc2 Bg7 47. Bd2 Kf8 48. Rh5 1-0

[Event "Skopje Karposh op"]
[Site "Skopje"]
[Date "2014.03.31"]
[Round "4"]
[White "Minko, Vladimir"]
[Black "Padjen, Zdenko"]
[Result "1-0"]
[WhiteElo "2295"]
[BlackElo "2004"]
[PlyCount "41"]
[EventDate "2014.03.29"]
[EventType "swiss"]
[EventRounds "9"]
[EventCountry "MKD"]
[SourceTitle "CBM 159 Extra"]
[Source "ChessBase"]
[SourceDate "2014.04.24"]
[SourceVersion "1"]
[SourceVersionDate "2014.04.24"]
[SourceQuality "1"]

1. d4 f5 2. g3 Nf6 3. Bg2 c6 4. Nh3 g6 5. Nf4 Bg7 6. c4 Na6 7. h4 d6 8. d5 e5 9. dxc6 bxc6 10. Bxc6+ Bd7 11. Ne6 Bxc6 12. Nxd8 Rxd8 13. 0-0 0-0 14. Bg5 d5 15. Bxf6 Bxf6 16. cxd5 Rxd5 17. Qc2 Rc5 18. Qb3+ Kg7 19. Nc3 Ra5 20. Rfd1 e4 21. Qc4 1-0

[Event "CRO-chT3 Center-A"]
[Site "Zagreb"]
[Date "2011.04.10"]
[Round "6.12"]
[White "Padjen, Zdenko"]
[Black "Ivekovic, Bozidar1111"]
[Result "1/2-1/2"]
[WhiteElo "2017"]
[BlackElo "2106"]
[PlyCount "47"]
[EventDate "2011.03.13"]
[EventType "team-tourn"]
[EventRounds "11"]
[EventCountry "CRO"]
[SourceTitle "EXT 2014"]
[Source "ChessBase"]
[SourceDate "2013.11.20"]
[SourceVersion "1"]
[SourceVersionDate "2013.11.20"]
[SourceQuality "1"]

1. e4 e5 2. Nf3 Nc6 3. Bb5 a6 4. Ba4 Nf6 5. 0-0 b5 6. Bb3 Bc5 7. a4 Rb8 8. axb5 axb5 9. Nxe5 Nxe5 10. d4 Bxd4 11. Qxd4 d6 12. c3 0-0 13. f3 Bb7 14. Be3 c5 15. Qd2 c4 16. Bc2 Qe7 17. Na3 Bc6 18. h3 d5 19. f4 Ned7 20. e5 Ne4 21. Bxe4 dxe4 22. Nc2 Nc5 23. Nd4 Ba8 24. Nf5 1/2-1/2

[Event "CRO-chT3A Center"]
[Site "Zagreb"]
[Date "2010.04.25"]
[Round "6.42"]
[White "Padjen, Zdenko"]
[Black "Sukunda, Darko"]
[Result "1/2-1/2"]
[WhiteElo "2057"]
[BlackElo "2134"]
[PlyCount "50"]
[EventDate "2010.03.21"]
[EventType "team-tourn"]
[EventRounds "11"]
[EventCountry "CRO"]
[SourceTitle "EXT 2012"]
[Source "ChessBase"]
[SourceDate "2011.11.24"]
[SourceVersion "1"]
[SourceVersionDate "2011.11.24"]
[SourceQuality "1"]

1. e4 e6 2. d3 d5 3. Nd2 g6 4. g3 Bg7 5. Bg2 Ne7 6. Ngf3 0-0 7. 0-0 c5 8. e5 Nbc6 9. Re1 Qc7 10. Qe2 b5 11. Nf1 Bb7 12. Bf4 Rab8 13. h4 h5 14. N1h2 Nf5 15. c3 Bh6 16. Ng5 Qe7 17. Bh3 Bg7 18. Bxf5 exf5 19. e6 f6 20. Nf7 Ne5 21. d4 Qxe6 22. Nh6+ Kh7 23. Qd2 Rbe8 24. dxe5 fxe5 25. Nf3 Qc6 1/2-1/2

[Event "CRO-chT3A Center"]
[Site "Zagreb"]
[Date "2010.03.28"]
[Round "2.22"]
[White "Padjen, Zdenko"]
[Black "Frouth, Nenad"]
[Result "1/2-1/2"]
[WhiteElo "2057"]
[BlackElo "2240"]
[PlyCount "84"]
[EventDate "2010.03.21"]
[EventType "team-tourn"]
[EventRounds "11"]
[EventCountry "CRO"]
[SourceTitle "EXT 2012"]
[Source "ChessBase"]
[SourceDate "2011.11.24"]
[SourceVersion "1"]
[SourceVersionDate "2011.11.24"]
[SourceQuality "1"]

1. e4 e5 2. Nf3 Nc6 3. Bb5 a6 4. Ba4 Nf6 5. d3 d6 6. h3 b5 7. Bb3 Be7 8. a4 Bb7 9. axb5 axb5 10. Rxa8 Qxa8 11. Nc3 Nd4 12. Nxd4 exd4 13. Nxb5 Qa5+ 14. c3 c5 15. Bd2 0-0 16. c4 Qb6 17. 0-0 Ra8 18. Ba4 Nd7 19. b3 f5 20. Nxd4 cxd4 21. Bxd7 fxe4 22. dxe4 Bf6 23. Be6+ Kh8 24. Bd5 Ra3 25. Qh5 g6 26. Qf3 Kg7 27. Rb1 Bxd5 28. exd5 Ra2 29. Bh6+ Kxh6 30. Qxf6 d3 31. Qf8+ Kg5 32. Qe7+ Kh6 33. Qf8+ Kg5 34. Re1 Qd4 35. Qe7+ Kh6 36. Qf8+ Kg5 37. Qe7+ Kh6 38. Qe3+ Qxe3 39. fxe3 Rb2 40. Rd1 Rxb3 41. Kf2 Kg5 42. Kf3 Kf5 1/2-1/2

[Event "Zagreb op-B"]
[Site "Zagreb"]
[Date "2010.02.27"]
[Round "3"]
[White "Padjen, Zdenko"]
[Black "Frank, Vladimir"]
[Result "0-1"]
[WhiteElo "2057"]
[BlackElo "2194"]
[PlyCount "86"]
[EventDate "2010.02.25"]
[EventType "swiss"]
[EventRounds "9"]
[EventCountry "CRO"]
[SourceTitle "CBM 135 Extra"]
[Source "ChessBase"]
[SourceDate "2010.05.04"]
[SourceVersion "1"]
[SourceVersionDate "2010.05.04"]
[SourceQuality "1"]

1. e4 d6 2. d4 Nf6 3. Nc3 g6 4. f4 Bg7 5. Nf3 0-0 6. Bd3 Nbd7 7. 0-0 c5 8. e5 Ne8 9. exd6 Nxd6 10. Be3 cxd4 11. Nxd4 Nf6 12. h3 b6 13. f5 Bb7 14. fxg6 hxg6 15. Nf3 Rc8 16. Nd2 Nd5 17. Nxd5 Bxd5 18. c3 Qd7 19. Qg4 Qxg4 20. hxg4 Be6 21. Be2 Nc4 22. Nxc4 Bxc4 23. Bxc4 Rxc4 24. g5 Rd8 25. Rf3 e6 26. a4 Rd5 27. Raf1 Rf5 28. Rxf5 gxf5 29. Rf4 Rxf4 30. Bxf4 Kf8 31. Bb8 a6 32. Ba7 b5 33. axb5 axb5 34. Kf2 Ke7 35. Bc5+ Kd7 36. Bb4 Kc6 37. Kf3 Kd5 38. b3 Be5 39. g4 f4 40. Ba5 Bd6 41. Bd8 e5 42. Bf6 e4+ 43. Ke2 Bc5 0-1